| 000 | 00695 a2200217 4500 | ||
|---|---|---|---|
| 003 | Nust | ||
| 005 | 20221011123118.0 | ||
| 010 | _a 77021392 | ||
| 020 | _a0070429251 | ||
| 040 | _cNust | ||
| 082 | 0 | 0 | _a540,SOL |
| 100 | 1 |
_aMoore, John W. _999868 |
|
| 245 | 1 | 0 |
_aSolid state chemistry and physics; _ban introduction Vol.1 / _cedited by Paul F. Weller. |
| 260 |
_aNew York : _bMcGraw-Hill, _cc1978. |
||
| 300 |
_axii, 500p. : _bill. ; _c25 cm. |
||
| 505 | _aPart 1: Concepts and Properties (Page-1), Part-2: Physical Properties and Imperfections (Page-189), | ||
| 650 | 0 | _aChemistry. | |
| 700 | 1 |
_aCollins, Ronald W., _999869 |
|
| 700 | 1 |
_aDavies, William G., _999870 |
|
| 942 |
_2ddc _cBK |
||
| 999 |
_c183378 _d183378 |
||